=LDR 00000nam 2200000 4500 =001 INLIS000000000044094 =005 20131008104617 =008 ***********************************aInd** =035 ##$$0010-101300000002016 =041 ##$$a aInd =082 ##$$a 745.5 =090 ##$$a 745.5, Dam l =100 ##$$a Damayanti, Nur Astri =245 ##$$a Limpat kain untuk seserahan, Nur Astri Damayanti =260 ##$$a 2005 $b Jakarta =300 ##$$a 60 hlm, ilus, 25 cm =650 ##$$a Anyaman =850 ##$$a NBPNMAT